书目信息 |
| 书名: | Optical Illusion Experiments | |
| 作者: | Michael A. DiSpezio | |
| 分册号: | ||
| 分册名: | 出版地: | NEW YORK |
|
| 出版社: | Sterling | |
| 出版时间: | 2007 | |
| 页数: | 128P | |
| 开本: | 22CM | |
| 丛书名: | ||
| 中图分类号: | ||
| 科图分类号: | ||
| 其他分类号: | O43-33 | |
| 主题词: | ||
| 电子资源: | ||
| 000 | 00394nam0 2200145 450 | |
| 001 | 202012001891 | |
| 005 | 20121115154149.0 | |
| 008 | 12111501s | |
| 020 | @a9781402723360@c$5.95 | |
| 099 | @dO43-33@eM6211 | |
| 245 | 10 | @aOptical Illusion Experiments @cMichael A. DiSpezio |
| 260 | 0 | @aNEW YORK@bSterling@c2007 |
| 300 | @a128P@c22CM | |
| 905 | @b10516 | |
| 905 | @aTSG@dO43-33@eM6211 | |
| Optical Illusion Experiments / Michael A. DiSpezio.-NEW YORK : Sterling , 2007 |
| 128P ; 22CM |
| ISBN 9781402723360$5.95 |
| ● |
| 相关链接 |
|
|
|
正题名:Optical Illusion Experiments
索取号:O43-33/M6211
 
预约/预借
| 序号 | 登录号 | 条形码 | 馆藏地/架位号 | 状态 | 备注 |